Potere imperiale ed organi giurisdizionali nel II secolo D.C
I tiakina i:
| Kaituhi matua: | |
|---|---|
| Hōputu: | Pukapuka |
| Reo: | Itāriana |
| I whakaputaina: |
Milán
Dott. A. Giuffrè
1974
|
| Rangatū: | Publicazioni della Facoltà di Giurisprudenza
|
| Ngā marau: | |
| Ngā Tūtohu: |
Tāpirihia he Tūtohu
Kāore He Tūtohu, Me noho koe te mea tuatahi ki te tūtohu i tēnei pūkete!
|
MARC
| LEADER | 00000nam a2200000 a 4500 | ||
|---|---|---|---|
| 001 | UCR0944 | ||
| 003 | CL-VaPUC | ||
| 008 | 971205e19740000IT |||||||||||||||||ita|d | ||
| 082 | 0 | 4 | |a 340.54 |b PAL |2 21 |
| 100 | |a Palazzolo, Nicola |e autore |9 546294 | ||
| 245 | 1 | 0 | |a Potere imperiale ed organi giurisdizionali nel II secolo D.C |
| 300 | |a 289 p | ||
| 942 | |c BK | ||
| 945 | |d 19971205 00:00:00 |a aolguin | ||
| 260 | |a Milán |b Dott. A. Giuffrè |c 1974 | ||
| 650 | 0 | |a Derecho romano |9 255930 | |
| 650 | 0 | |a Derecho procesal penal |9 255496 | |
| 650 | 7 | |a PODER IMPERIAL |2 CL-VaPUC |9 395747 | |
| 650 | 7 | |a FORMALISMO |2 CL-VaPUC |9 337281 | |
| 650 | 0 | |a Política |9 255312 | |
| 650 | 7 | |a POLITICA JURIDICA |2 CL-VaPUC |9 393327 | |
| 583 | |a last modification |c 19971205 00:00:00 |k Rodrigo Vera | ||
| 490 | 0 | |a Publicazioni della Facoltà di Giurisprudenza | |
| 999 | |c 264441 |d 264439 | ||
| 952 | |0 0 |1 0 |4 0 |6 340_540000000000000_PAL_1974 |7 0 |8 DER_ROM |9 294718 |a BIBDER |b BIBDER |d 2019-11-19 |i 1909614 |o 340.54 PAL 1974 |p 1909614 |r 2023-01-25 |w 2019-11-19 |x Ubicación 4to piso |y BK |z Este recurso debe solicitarse con anticipación |k DER | ||